01363cam a22003854i 4500003000900000005001700009008004100026035002000067040003300087100004900120245018500169264001000354300002100364336002100385337002500406338002300431502005800454504002400512520027600536526001000812526001000822526000900832526000900841526000900850526000900859526000900868526000900877526000900886526000800895526000800903526000800911526000800919526000800927650004200935PE-LiUPU20250731165415.0151126s2008 pe grm 000 0 spa d a(Sirsi) a155267 aPE-LiUPUbspacPE-LiUPUerda1 aElera Rázuri, Rosalía Estefaníaeautor1 aPrograma de reforzamiento nutricional en la desnutrición de niños menores de tres años en la provincia de San Miguel, Cajamarca, 2008 /cRosalía Estefanía Elera Rázuri. 0c2008. a87 hojas c31 cm atext2rdacontent aunmediated2rdamedia avolume2rdacarrier aTesisb(Mg.) -- cUniversidad Peruana Unión,d2008. aIncluye referencias3 aDeterminar la efectividad del programa de reforzamiento nutricional en el incremento del conocimiento, las prácticas y las actitudes de las madres sobre la nutrición de los niños menores de tres años, en la provincia de San Miguel, Región Cajamarca, año 2008. aSEG44 aSEG26 aP151 aP150 aP149 aP146 aP145 aP126 aP125 aP92 aP75 aP74 aP27 aP1504aDesnutrición infantilxTratamiento.